Computer programming : (Record no. 144764)

MARC details
000 -LEADER
fixed length control field 00748nam a2200253 a 4500
008 - FIXED-LENGTH DATA ELEMENTS--GENERAL INFORMATION
fixed length control field
020 ## - INTERNATIONAL STANDARD BOOK NUMBER
International Standard Book Number 0491008821(cased)
020 ## - INTERNATIONAL STANDARD BOOK NUMBER
International Standard Book Number 0491008724 (pbk.)
049 ## - LOCAL HOLDINGS (OCLC)
Holding library MAIN
090 ## - LOCALLY ASSIGNED LC-TYPE CALL NUMBER (OCLC); LOCAL CALL NUMBER (RLIN)
Classification number (OCLC) (R) ; Classification number, CALL (RLIN) (NR) QD76.6.
003 - CONTROL NUMBER IDENTIFIER
control field
005 - DATE AND TIME OF LATEST TRANSACTION
control field 20230123133221.0
040 ## - CATALOGING SOURCE
Transcribing agency NUST
100 1# - MAIN ENTRY--PERSONAL NAME
Personal name Maynard, Jeff.
245 10 - TITLE STATEMENT
Title Computer programming :
Remainder of title made simple,
Statement of responsibility, etc. [by] J. Maynard.
260 ## - PUBLICATION, DISTRIBUTION, ETC.
Place of publication, distribution, etc. London,
Name of publisher, distributor, etc. W. H. Allen,
Date of publication, distribution, etc. c1972.
300 ## - PHYSICAL DESCRIPTION
Extent xix, 300 p.:
Other physical details 8 p. plates;
Dimensions 22 cm.
440 0# - SERIES STATEMENT/ADDED ENTRY--TITLE
Title Made simple books.
650 #0 - SUBJECT ADDED ENTRY--TOPICAL TERM
Topical term or geographic name entry element Computer programming.
650 #0 - SUBJECT ADDED ENTRY--TOPICAL TERM
Topical term or geographic name entry element COBOL (Computer program language).
650 #0 - SUBJECT ADDED ENTRY--TOPICAL TERM
Topical term or geographic name entry element FORTRAN (Computer program language).
907 ## - LOCAL DATA ELEMENT G, LDG (RLIN)
a .b10048625
b 10-09-03
c 17-04-03
942 ## - ADDED ENTRY ELEMENTS (KOHA)
Koha item type Ordinary Loan Books
Call number prefix QD76.6.
Holdings
Date last seen Total Checkouts Full call number Barcode Cost, replacement price Price effective from Koha item type Lost status Source of classification or shelving scheme Damaged status Not for loan Collection Withdrawn status Home library Current library Shelving location Date acquired Cost, normal purchase price
01/23/2023 14 QD76.6 MAY 92003008655 80.00 01/23/2023 BOOKS   LCC     NFIC   MAIN MAIN GEN 01/23/2023 80.00